000 00472nam a22001817a 4500
003 BD-ChCU
005 20251130130134.0
008 251130b bg ||||| |||| 00| 0 ben d
040 _cBD-ChCU
082 _a910 STW
100 _aStamp , L. Dudley.
_917164
245 _aThe world :
_ba General Geography ./
_cL. Dudley ,Stamp.
250 _a9th ed.
260 _aLondon :
_bLongmans ,
_cC 1937
300 _a682p
650 0 _aGeography.
_917166
942 _2ddc
_cBK
_n0
999 _c109972
_d109972